Państwa mające populację zbliżoną do 20 mln - Statystyki

Ogólne statystyki
  • Ten quiz został rozwiązany 18 razy
  • Średni wynik to 4 z 8
Statystyki odpowiedzi
Hint Odpowiedź % Poprawnych
18,6 mln Rumunia
93%
21,6 mln Syria
67%
19,4 mln Kazachstan
60%
18,4 mln Chile
53%
20,7 mln Mali
47%
19,6 mln Zambia
47%
21,9 mln Burkina Faso
27%
20,8 mln Malawi
27%
Nie znaleziono quizów pasujących do podanych kryteriów
Rozkład punktacji
Procent ludzi z każdym wynikiem
Percentyl według liczby udzielonych odpowiedzi
Twoja historia wyników
Nie rozwiązałeś tego quizu